| 000 | 00327nam a2200109 4500 | ||
|---|---|---|---|
| 008 | 240222b |||||||| |||| 00| 0 eng d | ||
| 245 | _aLogos-Vol. 20, no. 4 (December 1981) | ||
| 246 | _aWoman's subordination : Asian perspectives | ||
| 260 |
_aColombo : _bCentre for society and religion, _c1981 |
||
| 300 | _b105 p. | ||
| 942 | _cCR | ||
| 999 |
_c4785 _d4785 |
||